| 000 | 00454nam a22001575i 4500 | ||
|---|---|---|---|
| 001 | 68540 | ||
| 003 | ES-MaACL | ||
| 007 | t| | ||
| 008 | 960807s1900 sp ||||1| spa d | ||
| 040 |
_aCAM _bspa _cCAM |
||
| 100 | 1 |
_aGarofalo, Francesco P. _955619 |
|
| 245 | 1 | 0 |
_aDe Asturia / _cFrancesco P. Garofalo. |
| 260 |
_aBarcelona : _b[s.n.], _c1900 ( _fTip. "L'Avec") |
||
| 300 |
_a41, [1] p., [1] h. de map. pleg. ; _c28 cm. |
||
| 852 |
_aES-MaACL _jT-990-F-11 |
||
| 999 |
_c68540 _d68540 |
||